Cardiopatías congénitas (Record no. 123203)

MARC details
000 -LEADER
campo de control de longitud fija 00791nam a2200205 4500
001 - NÚMERO DE CONTROL
campo de control 123203
003 - IDENTIFICADOR DE NÚMERO DE CONTROL
campo de control ES-MaACL
005 - FECHA Y HORA DE LA ÚLTIMA TRANSACCIÓN
campo de control 20230906192129.0
007 - CAMPO FIJO DE DESCRIPCIÓN FÍSICA--INFORMACIÓN GENERAL
campo de control de longitud fija t|
008 - DATOS DE LONGITUD FIJA--INFORMACIÓN GENERAL
campo de control de longitud fija 070214s1973 sp r ||||0| spa d
100 1# - ENTRADA PRINCIPAL--NOMBRE DE PERSONA
Nombre de persona Quero Jiménez, Manuel.
9 (RLIN) 94541
245 10 - MENCIÓN DEL TÍTULO
Título Cardiopatías congénitas
Resto del título : diagnóstico y tratamiento de urgencia /
Mención de responsabilidad, etc. por Manuel Quero Jiménez ; con la colaboración de Luis Pérez Díaz, Javier Codina Bourgon ; prólogos de E. Jaso Roldán, M. Torner Soler.
260 ## - PUBLICACIÓN, DISTRIBUCIÓN, ETC.
Lugar de publicación, distribución, etc. Barcelona :
Nombre del editor, distribuidor, etc. Científico Médica,
Fecha de publicación, distribución, etc. 1973.
300 ## - DESCRIPCIÓN FÍSICA
Extensión XIII, 187 p :
Otras características físicas il ;
Dimensiones 24 cm.
700 1# - ENTRADA AGREGADA--NOMBRE PERSONAL
Nombre de persona Pérez Díaz, Luis.
9 (RLIN) 90831
700 1# - ENTRADA AGREGADA--NOMBRE PERSONAL
Nombre de persona Codina Bourgon, Javier.
9 (RLIN) 39430
700 1# - ENTRADA AGREGADA--NOMBRE PERSONAL
Nombre de persona Jaso Roldán, E.
9 (RLIN) 66153
700 0# - ENTRADA AGREGADA--NOMBRE PERSONAL
Nombre de persona Torner Soler, M.
9 (RLIN) 110668
852 ## - LOCALIZACIÓN
Ubicación ES-MaACL
Número de control de estantería C-53290
Sublocalización o colección R.86124
Holdings
Estatus retirado Estado de pérdida Estado de daño No para préstamo Biblioteca de origen Biblioteca actual Ubicación en estantería Fecha de adquisición Fuente de adquisición Total de préstamos Signatura topográfica completa Código de barras Visto por última vez Precio de reemplazo Tipo de ítem Koha
        Biblioteca del Ateneo de Madrid Biblioteca del Ateneo de Madrid Depósito 2 17/01/2008     C-53290 1128375 23/02/2023 23/02/2023 Libro impreso